书目信息 |
| 题名: |
嵌入式系统原理与应用设计
|
|
| 作者: | 王光学 编著 | |
| 分册: | ||
| 出版信息: | 北京 电子工业出版社 2013 |
|
| 页数: | 332页 | |
| 开本: | 26cm | |
| 丛书名: | ||
| 单 册: | ||
| 中图分类: | TP360.21 | |
| 科图分类: | ||
| 主题词: | 微型计算机--系统设计--高等教育--教材 | |
| 电子资源: | ||
| ISBN: | 978-7-121-19130-5 | |
| 000 | 00882nam0 2200229 450 | |
| 001 | 2371182017 | |
| 005 | 20231128194631.64 | |
| 010 | @a978-7-121-19130-5@dCNY39.00 | |
| 100 | @a20130208d2013 em y0chiy50 ea | |
| 101 | 0 | @achi |
| 102 | @aCN@b110000 | |
| 105 | @ay z 000yy | |
| 200 | 1 | @a嵌入式系统原理与应用设计@Aqian ru shi xi tong yuan li yu ying yong she ji@f王光学编著 |
| 210 | @a北京@c电子工业出版社@d2013 | |
| 215 | @a332页@d26cm | |
| 300 | @a普通高等教育“十二五”规划教材 电子信息科学与工程类专业规划教材 | |
| 330 | @a本书内容包括:嵌入式系统基本概念、ARM编程模型、ARM指令集、ARM程序设计基础、嵌入式系统硬件与软件结构、嵌入式系统硬件与底层驱动程序设计及嵌入式系统应用程序设计等。 | |
| 606 | 0 | @a微型计算机@x系统设计@x高等教育@x教材 |
| 690 | @aTP360.21@v5 | |
| 701 | 0 | @a王光学@Awang guang xue@4编著 |
| 801 | 0 | @aCN@b山东中教@c20231126 |
| 905 | @aBZT@dTP360.21@e3 | |
| 嵌入式系统原理与应用设计/王光学编著.-北京:电子工业出版社,2013 |
| 332页;26cm |
| 普通高等教育“十二五”规划教材 电子信息科学与工程类专业规划教材 |
| ISBN 978-7-121-19130-5:CNY39.00 |
| 本书内容包括:嵌入式系统基本概念、ARM编程模型、ARM指令集、ARM程序设计基础、嵌入式系统硬件与软件结构、嵌入式系统硬件与底层驱动程序设计及嵌入式系统应用程序设计等。 |
| ● |
| 相关链接 |
|
|
|
正题名:嵌入式系统原理与应用设计
索取号:TP360.21/3
 
预约/预借
| 序号 | 登录号 | 条形码 | 馆藏地/架位号 | 状态 | 备注 |
| 1 | 2001180843 | 2001180843 | 中教(第二批第二书库)/山东中教(第二批)/1808/ [索取号:TP360.21/3] | 在馆 | |
| 2 | 2001180844 | 2001180844 | 中教(第二批第二书库)/山东中教(第二批)/1808/ [索取号:TP360.21/3] | 在馆 | |
| 3 | 2001180845 | 2001180845 | 中教(第二批第二书库)/山东中教(第二批)/1808/ [索取号:TP360.21/3] | 在馆 | |
| 4 | 2001180846 | 2001180846 | 中教(第二批第二书库)/山东中教(第二批)/1808/ [索取号:TP360.21/3] | 在馆 | |
| 5 | 2001180847 | 2001180847 | 中教(第二批第二书库)/山东中教(第二批)/1808/ [索取号:TP360.21/3] | 在馆 | |
| 6 | 2001180848 | 2001180848 | 中教(第二批第二书库)/山东中教(第二批)/1808/ [索取号:TP360.21/3] | 在馆 | |
| 7 | 2001180849 | 2001180849 | 中教(第二批第二书库)/山东中教(第二批)/1808/ [索取号:TP360.21/3] | 在馆 | |
| 8 | 2001180850 | 2001180850 | 中教(第二批第二书库)/山东中教(第二批)/1808/ [索取号:TP360.21/3] | 在馆 | |
| 9 | 2001180851 | 2001180851 | 中教(第二批第二书库)/山东中教(第二批)/1808/ [索取号:TP360.21/3] | 在馆 | |
| 10 | 2001180852 | 2001180852 | 中教(第二批第二书库)/山东中教(第二批)/1808/ [索取号:TP360.21/3] | 在馆 |